| 000 | 00664cam a22002293a 4500 | ||
|---|---|---|---|
| 001 | 22739 | ||
| 003 | PGUSA | ||
| 005 | 20140828083502.0 | ||
| 008 | 070923s2007||||xxu|||||s|||||000 | eng d | ||
| 040 |
_aPGUSA _beng |
||
| 042 | _adc | ||
| 050 | 4 | _aBF | |
| 100 | 1 |
_aAtkinson, William Walker, _d1862-1932 |
|
| 245 | 1 | 4 |
_aThe Human Aura : _bAstral Colors and Thought Forms _h[electronic resource] / _cWilliam Walker Atkinson |
| 260 |
_bProject Gutenberg, _c2007 |
||
| 506 | _aPublic domain in the USA. | ||
| 516 | _aElectronic text | ||
| 653 | _aOccultism | ||
| 830 | 0 |
_aProject Gutenberg _v22739 |
|
| 856 | 4 | 0 | _uhttp://www.gutenberg.org/ebooks/22739 |
| 942 | _cEB | ||
| 999 |
_c251994 _d251994 |
||